000 00731nam a2200121Ia 4500
008 220620s9999||||xx |||||||||||||| ||und||
100 _aSkippington, Peter
245 0 _aHarnessing the Bohemian: Artists as innovation partners in rural and remote communities
546 _aEnglish[eng]
650 _aaustralia||artists||creative capital||community development||rural communities||Case study||Economic development||Social capital
856 _uhttps://library.oapen.org/bitstream/20.500.12657/31871/1/624290.pdf||https://library.oapen.org/bitstream/20.500.12657/31871/1/624290.pdf||https://library.oapen.org/bitstream/20.500.12657/31871/1/624290.pdf||https://library.oapen.org/bitstream/20.500.12657/31871/1/624290.pdf
942 _cEB
999 _c31948
_d31948